| 000 | 00355nam a2200109Ia 4500 | ||
|---|---|---|---|
| 008 | 230907s9999||||xx |||||||||||||| ||und|| | ||
| 082 |
_a629.1343 _bAER |
||
| 245 | 0 | _aAero-engine design : From State of the Art Tturbofans towards innovation / | |
| 260 |
_aVon Kamran Institute for Fluid Dynamics, _bBelgium : _c2008 |
||
| 300 | _avarious pages. | ||
| 942 | _cBK | ||
| 999 |
_c598221 _d598221 |
||